Science Quiz

Random Science Quiz

Contributors to ecosystems Quiz Stats

 Plays Quiz not verified by Sporcle

Support Sporcle.
Go Orange.
Score 0/10 Timer 10:00
0 Plays Today
% Correct
producers
77%
consumers
77%
decomposers
67.2%
herbivores
52.5%
omnivores
45.9%
sunlight
42.6%
autotrophs
31.1%
heterotrophs
24.6%
photosynthetic bacteria
21.3%
chemosynthetic bacteria
16.4%

You're not logged in!

Compare scores with friends on all Sporcle quizzes.
OR
Log In

From the Vault

More Images That Start with 'D'

by sproutcm

Dirty deeds done dirt...cheap?

You Might Also Like...

Remove Ads.
Support Sporcle.
Get the best of Sporcle when you Go Orange. This ad-free experience offers more features, more stats, and more fun while also helping to support Sporcle. Thank you for becoming a member.

Show Comments

Extras

Created Feb 17, 2011ReportNominate
Tags:contributor

Top Quizzes Today


Score Distribution

Your Account Isn't Verified!

In order to create a playlist on Sporcle, you need to verify the email address you used during registration. Go to your Sporcle Settings to finish the process.

Report this User

Report this user for behavior that violates our Community Guidelines.

Details: